<?xml version="1.0" encoding="UTF-8"?>
<record
    xmlns:xsi="http://www.w3.org/2001/XMLSchema-instance"
    xsi:schemaLocation="http://www.loc.gov/MARC21/slim http://www.loc.gov/standards/marcxml/schema/MARC21slim.xsd"
    xmlns="http://www.loc.gov/MARC21/slim">

  <leader>01677nam a22003017a 4500</leader>
  <controlfield tag="003">NALT</controlfield>
  <controlfield tag="005">20251217142807.0</controlfield>
  <controlfield tag="008">      s2557    th                  tha d</controlfield>
  <datafield tag="020" ind1=" " ind2=" ">
    <subfield code="a">9789744496412</subfield>
  </datafield>
  <datafield tag="040" ind1=" " ind2=" ">
    <subfield code="a">NALT</subfield>
  </datafield>
  <datafield tag="041" ind1=" " ind2=" ">
    <subfield code="a">tha</subfield>
  </datafield>
  <datafield tag="050" ind1=" " ind2=" ">
    <subfield code="a">HM 1126 </subfield>
    <subfield code="b">&#xE16;282&#xE04; 2557</subfield>
  </datafield>
  <datafield tag="100" ind1="0" ind2=" ">
    <subfield code="a">&#xE16;&#xE27;&#xE34;&#xE25;&#xE27;&#xE14;&#xE35; &#xE1A;&#xE38;&#xE23;&#xE35;&#xE01;&#xE38;&#xE25;.</subfield>
    <subfield code="9">2407</subfield>
  </datafield>
  <datafield tag="245" ind1="1" ind2="0">
    <subfield code="a">&#xE04;&#xE39;&#xE48;&#xE21;&#xE37;&#xE2D;&#xE1B;&#xE23;&#xE30;&#xE01;&#xE2D;&#xE1A;&#xE01;&#xE32;&#xE23;&#xE08;&#xE31;&#xE14;&#xE1B;&#xE23;&#xE30;&#xE0A;&#xE32;&#xE40;&#xE2A;&#xE27;&#xE19;&#xE32;&#xE2B;&#xE32;&#xE17;&#xE32;&#xE07;&#xE2D;&#xE2D;&#xE01; &#xE20;&#xE32;&#xE1E;&#xE2D;&#xE19;&#xE32;&#xE04;&#xE15;&#xE1B;&#xE23;&#xE30;&#xE40;&#xE17;&#xE28;&#xE44;&#xE17;&#xE22;&#xE41;&#xE25;&#xE30;&#xE01;&#xE32;&#xE23;&#xE40;&#xE21;&#xE37;&#xE2D;&#xE07;&#xE17;&#xE35;&#xE48;&#xE1E;&#xE36;&#xE07;&#xE1B;&#xE23;&#xE32;&#xE23;&#xE16;&#xE19;&#xE32; :</subfield>
    <subfield code="b">&#xE2A;&#xE34;&#xE48;&#xE07;&#xE17;&#xE35;&#xE48;&#xE04;&#xE19;&#xE44;&#xE17;&#xE22;&#xE15;&#xE49;&#xE2D;&#xE07;&#xE40;&#xE25;&#xE37;&#xE2D;&#xE01; /</subfield>
    <subfield code="c">&#xE1C;&#xE39;&#xE49;&#xE40;&#xE02;&#xE35;&#xE22;&#xE19; &#xE16;&#xE27;&#xE34;&#xE25;&#xE27;&#xE14;&#xE35; &#xE1A;&#xE38;&#xE23;&#xE35;&#xE01;&#xE38;&#xE25;... [&#xE41;&#xE25;&#xE30;&#xE04;&#xE19;&#xE2D;&#xE37;&#xE48;&#xE19; &#xE46;]</subfield>
  </datafield>
  <datafield tag="250" ind1=" " ind2=" ">
    <subfield code="a">&#xE1E;&#xE34;&#xE21;&#xE1E;&#xE4C;&#xE04;&#xE23;&#xE31;&#xE49;&#xE07;&#xE17;&#xE35;&#xE48; 4.</subfield>
  </datafield>
  <datafield tag="260" ind1=" " ind2=" ">
    <subfield code="a">&#xE01;&#xE23;&#xE38;&#xE07;&#xE40;&#xE17;&#xE1E;&#xE2F; : </subfield>
    <subfield code="b">&#xE2A;&#xE16;&#xE32;&#xE1A;&#xE31;&#xE19;&#xE1E;&#xE23;&#xE30;&#xE1B;&#xE01;&#xE40;&#xE01;&#xE25;&#xE49;&#xE32;, </subfield>
    <subfield code="c">2557.</subfield>
  </datafield>
  <datafield tag="300" ind1=" " ind2=" ">
    <subfield code="a">73 &#xE2B;&#xE19;&#xE49;&#xE32; :</subfield>
    <subfield code="b">&#xE20;&#xE32;&#xE1E;&#xE1B;&#xE23;&#xE30;&#xE01;&#xE2D;&#xE1A;, &#xE15;&#xE32;&#xE23;&#xE32;&#xE07; ;</subfield>
    <subfield code="c">21 &#xE0B;&#xE21;.</subfield>
  </datafield>
  <datafield tag="650" ind1=" " ind2="4">
    <subfield code="a">&#xE01;&#xE32;&#xE23;&#xE21;&#xE35;&#xE2A;&#xE48;&#xE27;&#xE19;&#xE23;&#xE48;&#xE27;&#xE21;&#xE17;&#xE32;&#xE07;&#xE01;&#xE32;&#xE23;&#xE40;&#xE21;&#xE37;&#xE2D;&#xE07;</subfield>
    <subfield code="z">&#xE44;&#xE17;&#xE22;</subfield>
    <subfield code="9">19909</subfield>
  </datafield>
  <datafield tag="650" ind1=" " ind2="4">
    <subfield code="a">&#xE01;&#xE32;&#xE23;&#xE1A;&#xE23;&#xE34;&#xE2B;&#xE32;&#xE23;&#xE04;&#xE27;&#xE32;&#xE21;&#xE02;&#xE31;&#xE14;&#xE41;&#xE22;&#xE49;&#xE07;</subfield>
    <subfield code="9">19910</subfield>
    <subfield code="z">&#xE44;&#xE17;&#xE22;</subfield>
  </datafield>
  <datafield tag="651" ind1=" " ind2="4">
    <subfield code="9">76</subfield>
    <subfield code="a">&#xE44;&#xE17;&#xE22;</subfield>
    <subfield code="x">&#xE01;&#xE32;&#xE23;&#xE40;&#xE21;&#xE37;&#xE2D;&#xE07;&#xE41;&#xE25;&#xE30;&#xE01;&#xE32;&#xE23;&#xE1B;&#xE01;&#xE04;&#xE23;&#xE2D;&#xE07;</subfield>
  </datafield>
  <datafield tag="700" ind1="0" ind2=" ">
    <subfield code="a">&#xE0A;&#xE25;&#xE31;&#xE17; &#xE1B;&#xE23;&#xE30;&#xE40;&#xE17;&#xE37;&#xE2D;&#xE07;&#xE23;&#xE31;&#xE15;&#xE19;&#xE32;</subfield>
    <subfield code="9">3307</subfield>
  </datafield>
  <datafield tag="700" ind1="0" ind2=" ">
    <subfield code="a">&#xE1B;&#xE31;&#xE17;&#xE21;&#xE32; &#xE2A;&#xE39;&#xE1A;&#xE01;&#xE33;&#xE1B;&#xE31;&#xE07;</subfield>
    <subfield code="9">3314</subfield>
  </datafield>
  <datafield tag="700" ind1="0" ind2=" ">
    <subfield code="a">&#xE2A;&#xE15;&#xE34;&#xE18;&#xE23; &#xE18;&#xE19;&#xE32;&#xE19;&#xE34;&#xE18;&#xE34;&#xE42;&#xE0A;&#xE15;&#xE34;</subfield>
    <subfield code="9">3288</subfield>
  </datafield>
  <datafield tag="700" ind1="0" ind2=" ">
    <subfield code="a">&#xE2D;&#xE20;&#xE34;&#xE0D;&#xE0D;&#xE32; &#xE14;&#xE34;&#xE2A;&#xE2A;&#xE30;&#xE21;&#xE32;&#xE19;</subfield>
    <subfield code="9">19923</subfield>
  </datafield>
  <datafield tag="850" ind1=" " ind2=" ">
    <subfield code="a">NALT</subfield>
  </datafield>
  <datafield tag="942" ind1=" " ind2=" ">
    <subfield code="c">GB</subfield>
    <subfield code="2">lcc</subfield>
  </datafield>
  <datafield tag="996" ind1=" " ind2=" ">
    <subfield code="a">saiphon.d</subfield>
    <subfield code="b">CATSTF	</subfield>
    <subfield code="c">2025-12-17</subfield>
  </datafield>
  <datafield tag="999" ind1=" " ind2=" ">
    <subfield code="c">74507</subfield>
    <subfield code="d">74507</subfield>
  </datafield>
  <datafield tag="998" ind1=" " ind2=" ">
    <subfield code="j">104</subfield>
    <subfield code="k"> &#xE19;&#xE32;&#xE07;&#xE2A;&#xE32;&#xE27;&#xE2A;&#xE32;&#xE22;&#xE1D;&#xE19;  &#xE14;&#xE35;&#xE07;&#xE32;&#xE21;</subfield>
  </datafield>
  <datafield tag="952" ind1=" " ind2=" ">
    <subfield code="0">0</subfield>
    <subfield code="1">0</subfield>
    <subfield code="2">lcc</subfield>
    <subfield code="4">0</subfield>
    <subfield code="7">0</subfield>
    <subfield code="8">CGBL</subfield>
    <subfield code="a">NALT</subfield>
    <subfield code="b">NALT</subfield>
    <subfield code="c">GEN</subfield>
    <subfield code="e">&#xE1A;&#xE23;&#xE34;&#xE08;&#xE32;&#xE04;</subfield>
    <subfield code="l">1</subfield>
    <subfield code="o">HM 1126 &#xE16;282&#xE04; 2557</subfield>
    <subfield code="p">3961200931</subfield>
    <subfield code="r">2017-11-28 00:00:00</subfield>
    <subfield code="s">2017-11-10</subfield>
    <subfield code="w">2017-06-09</subfield>
    <subfield code="y">GB</subfield>
  </datafield>
  <datafield tag="952" ind1=" " ind2=" ">
    <subfield code="0">0</subfield>
    <subfield code="1">0</subfield>
    <subfield code="2">lcc</subfield>
    <subfield code="4">0</subfield>
    <subfield code="7">0</subfield>
    <subfield code="8">CSEN</subfield>
    <subfield code="a">NALT</subfield>
    <subfield code="b">NALT</subfield>
    <subfield code="c">GEN</subfield>
    <subfield code="d">2023-04-29</subfield>
    <subfield code="o">HM 1126 &#xE16;282&#xE04; 2557</subfield>
    <subfield code="p">0100009447001</subfield>
    <subfield code="r">2023-05-30 00:00:00</subfield>
    <subfield code="w">2023-04-29</subfield>
    <subfield code="y">GB</subfield>
  </datafield>
</record>
